000 00295nam a22001217a 4500
999 _c5747
_d5745
005 20211004104821.0
008 181006b xxu||||| |||| 00| 0 eng d
041 _aeng
245 _aTHE UNIVERSAL MINING SCHOOL [VOL-1] [VOL-2] AND [VOL-3]
300 _a553
650 _aMINING
_96945
942 _cBK